000 00518nam a2200169Ia 4500
003 GCL
008 140319s9999 xx 000 0 eng d
040 _aGCL /
_cGCL
082 0 4 _a324.251075
_bS C
100 1 _aSHENG, HU
245 1 0 _aA CONCISE HISTORY OF THE COMMUNIST PARTY OF CHINA ( SEVENTY YEARS OF THE CPC ) /
_cSHENG, HU
260 _a[S.N] :
_bFOREIGN LANGUAGES PUBLISHING HOUSE ،
_c1994
300 _a863 P
650 0 4 _aCHINA - COMMUNIST PARTY
650 0 4 _aPOLITICAL PARTIES - CHINA
942 _2ddc
_cBK
999 _c14198
_d14198